| 000 | 00513nam a2200217Ia 4500 | ||
|---|---|---|---|
| 001 | 14234 | ||
| 003 | GE_BSU | ||
| 008 | 181216s||||||||xx |||||||||||||| ||und|| | ||
| 020 | _a9781407518107 | ||
| 040 | _cGE_BSU | ||
| 080 | _a82-93 | ||
| 245 | _aToy Story 2. Book of the film | ||
| 245 | _bAdapted by Leslie Goldman | ||
| 260 | _aNew York | ||
| 260 | _bParragon | ||
| 260 | _c2007 | ||
| 300 | _a127p.19cm. | ||
| 653 | _aAdapted by Leslie Goldman | ||
| 653 | _aToy Story 2. Book of the film | ||
| 942 | _cBK | ||
| 999 |
_c47372 _d47372 |
||